000 00993nam a22003257a 4500
003 CHAP
005 20220329135856.0
008 971013s1907 r 00010 d
010 _a43690
011 _a44662
035 _a48800
040 _cCHAP
090 _aTesis
100 0 0 _aRamírez, Guillermo.
_994355
245 _aApuntes sobre el cultivo del tabaco en la Mesa Central
260 _aSan Jacinto :
_bEl autor,
_c1907
300 _a62 h.
502 _aTesis (Perito Agrícola) -- ENA
590 _aALEPH
_b10
_c20130110
_lUCH01
_h1312
590 _aBATCH-UPD
_b10
_c20130109
_lUCH01
_h2327
590 _aBATCH-UPD
_b10
_c20130110
_lUCH01
_h2232
590 _aBATCH-UPD
_b10
_c20130409
_lUCH01
_h1852
590 _aBATCH-UPD
_b10
_c20130410
_lUCH01
_h1527
590 _aBATCH-UPD
_b10
_c20130914
_lUCH01
_h1953
590 _aCONVERSION
_b10
_c20130109
_lUCH01
_h1324
650 1 4 _aTabaco
_xMéxico.
_9111230
901 _aBK
942 _cTESIS
949 _bBC
_cTES
_d-110324
_eTS1
_i48800
_si
999 _c43690
_d43690